00218nam a2200085Ia 4500020001900000100001700019245004100036082001400077008004100091 a9780603561702" aBLYTON ENID  0aTHE MYSTERY OF THE SPITEFUL LETTERS  aETF BLYT 210805s9999 xx 000 0 und d